000
00203 a2200097 4500
001
52766
100
_a
Michener, J
245
_a
Return to Paradise
260
_a
London
_b
Corgi
_c
090
_c
33208
_d
33208
942
_a
NUST-CAE
_c
M
_c
25790
999
_c
287839
_d
287839